00854 2200325 4500001002100000005001500021035002000036007000300056040001700059100002800076245005900104250001300163300003400176020002200210041000800232082000800240084001400248090001400262264003700276336002100313337003000334338002300364650001000387850001000397008004100407990002200448990001900470990002000489990001900509INLIS00000000000889920260513024117 a0010-1022000274ta aSBPUPADbind aRasyid AkbarePengarang1 aMisteri Pulau Kosong /cRasyid Akbar.; editor, Dioryza a.-Cet. 1 a.--Jakarta :billus. ;c21 cm a978-979-063-683-5 aind a813 a813 RAS m a813 RAS m a.--Jakarta :bZikrul Kids,c2011 2rdacontentateks 2rdamediaatanpa perantara 2rdacarrieravolume 4afiksi aPUPAD260513 0  a25.167/B/DPK/2017 a19.010/Br/2013 a25.168/B/DPK/17 a19.007/Br/2013